| 000 | 01041naa a2200277 c 4500 | ||
|---|---|---|---|
| 001 | 47122 | ||
| 003 | ES-MaCES | ||
| 005 | 20160222133326.0 | ||
| 008 | 160222s2016 sp ||||| t||||||| ||spa d | ||
| 040 |
_aES-MaCES _bspa _cES-MaCES _dES-MaCES |
||
| 100 | 1 |
_916085 _aLahera Forteza, Jesús |
|
| 245 | 1 | 0 |
_aCrisis de la representatividad sindical _b: propuestas de reforma _cJesús Lahera Forteza |
| 500 | _aResumen | ||
| 504 | _aBibliografía: p. 64-65 | ||
| 650 | 4 |
_928379 _arepresentación de los trabajadores |
|
| 650 | 4 |
_929470 _aderechos sindicales |
|
| 650 | 4 |
_928377 _asindicato |
|
| 650 | 4 |
_929454 _asindicalización |
|
| 650 | 4 |
_929645 _atrabajador sindicalizado |
|
| 650 | 4 |
_928178 _aempresa |
|
| 650 | 4 |
_927858 _ainstrumento de medición |
|
| 653 | 1 | 0 | _aRelaciones laborales-Empleo |
| 773 | 0 |
_984069 _dMadrid Lefebvre El Derecho 2015- _o086971 _tDerecho de las relaciones laborales _w(ES-MaCES)46200 _gn. 1 (en. 2016) {55/1131 R. 086971} ;p. 57-65 |
|
| 902 | _aART Artículo de revista | ||
| 942 |
_2CES _cAR _h2.0. |
||
| 999 |
_c47122 _d47122 |
||